Normal view
MARC view
- International Conference on 'Achieving Peace in Afghanistan: Challenges and Prospects
Entry Meeting Name
001 - CONTROL NUMBER
- control field: 13006
003 - CONTROL NUMBER IDENTIFIER
- control field: NUST
005 - DATE AND TIME OF LATEST TRANSACTION
- control field: 20190108061541.0
008 - FIXED-LENGTH DATA ELEMENTS
- fixed length control field: 190108|| aca||aabn | a|a d
040 ## - CATALOGING SOURCE
- Original cataloging agency: NUST
- Transcribing agency: NUST
111 ## - HEADING--MEETING NAME
- Meeting name or jurisdiction name as entry element: International Conference on 'Achieving Peace in Afghanistan: Challenges and Prospects
- Date of meeting: (2017 :
- Location of meeting: Islāmābād : Pakistan)
670 ## - SOURCE DATA FOUND
- Source citation: Work cat.: (NUST)0: International Conference on 'Achieving Peace in Afghanistan: Challenges and Prospects (2017 : Islāmābād : Pakistan), Achieving Peace in Afghanistan :
